000 00435nam a2200157Ia 4500
005 20251230152546.0
008 251127s9999 xx 000 0 und d
020 _a9780195794076 (paperback)
082 _a332.1095491
_bMEE-M
100 _aMeenai, S. A.
245 0 _aMoney and Banking in Pakistan
250 _aRev Exp ed.
260 _a[S.l.] :
_bOxford University Press, USA,
_c2001
650 _aManagement Sciences
942 _cBK
999 _c2510
_d2510